|
|
|
|
| LEADER |
00000nam0a2200000 4500 |
| 001 |
274734 |
| 005 |
20231101234745.0 |
| 035 |
|
|
|a (RuTPU)RU\TPU\book\297944
|
| 090 |
|
|
|a 274734
|
| 100 |
|
|
|a 20141108d1985 km y0rusy50 ca
|
| 101 |
1 |
|
|a rus
|c eng
|
| 102 |
|
|
|a RU
|
| 105 |
|
|
|a a z 001zy
|
| 200 |
1 |
|
|a Инженерное проектирование программного обеспечения
|e пер. с анг.
|f Б. У. Боэм
|
| 210 |
|
|
|a Москва
|c Радио и связь
|d 1985
|
| 215 |
|
|
|a 511 с.
|c ил.
|
| 320 |
|
|
|a Библиогр.: с. 491-504
|
| 606 |
1 |
|
|a Программное обеспечение
|2 stltpush
|3 (RuTPU)RU\TPU\subj\67736
|9 83428
|
| 610 |
1 |
|
|a инженерное проектирование
|
| 610 |
1 |
|
|a программы
|
| 610 |
1 |
|
|a системы управления
|
| 610 |
1 |
|
|a жизненный цикл
|
| 675 |
|
|
|a 681.3.066
|v 3
|
| 700 |
|
1 |
|a Боэм
|b Б. У.
|
| 801 |
|
1 |
|a RU
|b 63413507
|c 20141108
|
| 801 |
|
2 |
|a RU
|b 63413507
|c 20170120
|g RCR
|
| 942 |
|
|
|c BK
|